00399nam a2200121Ia 4500008004100000040001600041041001200057082001200069100002400081245012000105260002600225300002600251230917s9999||||xx |||||||||||||| ||und|| e53024aMAIN aEnglish aB J334T aJayaPrakash Narayan 0aTotal Revolution: toward total revolution, V1:Search for an idealogy V2:Politics in India V3:India and her problems aBombaybPopularc1978 a226, Various pages p.